| 000 | 00675nam a22002057a 4500 | ||
|---|---|---|---|
| 999 |
_c22240 _d22240 |
||
| 003 | AR-CdUCM | ||
| 008 | 190425b ||||| |||| 00| 0 spa d | ||
| 040 |
_aMUNICIPALIDAD PROVINCIAL DEL CUSCO _cBIBLIOTECA MUNICIPAL DEL CUSCO |
||
| 082 | _aActualidad/N°6/1998 | ||
| 245 | _aActualidad municipal / | ||
| 260 |
_aLima. _bFaval, _c1998. |
||
| 300 |
_a47 páginas. : _bilustraciones ; _c30 cm. |
||
| 440 |
_aActualidad municipal. _947734 |
||
| 505 | _aContenido: RENIEC en el ojo de la tormenta. -- Agenda Municipal. ... | ||
| 650 |
_aPolítica peruana _91676 |
||
| 650 |
_aSiglo XX _947732 |
||
| 700 |
_aLeón Alcántara, Adolfo _947735 |
||
| 942 |
_2ddc _cPP |
||
| 945 | _arac | ||